Statistics for Name That NBA Player!(High School)

Click here to take the quiz!

General Stats

  • This quiz has been taken 11 times
  • The average score is 7 of 10

Answer Stats

Answer% Correct
Kawhi Leonard
100%
Ja Morant
89%
Rudy Gobert
89%
Vince Carter
89%
James Harden
78%
Ray Allen
78%
Steve Nash
78%
Karl Anthony-Towns
67%
Christian Braun
22%
Donovan Mitchell
22%

Score Distribution

Percentile by Number Answered

Percent of People with Each Score

Your Score History

You have not taken this quiz